00721nam a2200181 a 450000100100000000500170001000800410002702000150006804000250008310000290010824000300013724501360016726000370030330000350034070000420037595201050041799900170052200004319320201002040718.0140221s1979 mx 000 0 spa d a9687063629 aDO-SdBNPbspacBNPHU1 aMccullough, David97078510aThe path between the seas13aEl Cruce entre dos mares :bla creación del canal de Panamá 1870-1914 /cDavid Mccullough ; traductor Francisco Gurza Irazoqui. aMéxico :bLassar Press,c1979. a650 p. :bil. retrs. ;c24 cm.1 aGurza Irazoqui, Franciscoetr.970786 001050718MOaGRbGRcCTd2014-02-21iLF1l0o p43193-10r2020-06-25w2020-06-25y1ZNo se presta c42682d42682